Ekonomické nástroje pre efektívnu ochranu životného prostredia bakalárska práca

Na minha lista:
Detalhes bibliográficos
Autor principal: Klima, Matej
Autor Corporativo: Podnikovohospodárska fakulta EU so sídlom v Košiciach. Katedra kvantitatívnych metód
Outros Autores: Forgáčová, Mária
Formato: Livro
Idioma:eslovaco
Publicado em: Košice 2025
Tags: Adicionar Tag
Sem tags, seja o primeiro a adicionar uma tag!

MARC

LEADER 00000nbm a2200000 4500
001 0310884
005 20260210133226.0
041 0 |a slo 
044 |a SK 
245 1 0 |a Ekonomické nástroje pre efektívnu ochranu životného prostredia  |b bakalárska práca  |c Matej Klima ; školiteľ: Mária Dolná 
264 1 |a Košice  |c 2025 
300 |a 55 s. 
100 1 |a Klima, Matej 
700 1 |a Forgáčová, Mária 
710 2 |a Podnikovohospodárska fakulta EU so sídlom v Košiciach. Katedra kvantitatívnych metód